MARC Record
Leader
003
BE-GnUNI
007
't'u
035
a| (MSK)314001512
084
a| II.JV.63
245
0
0
a| ICC :
b| Council Reports ; Council Sheet and Accounts.
260
a| Londen.
546
a| Engels
500
a| Jaarverslag
852
4
b| MSK
c| MSK
j| II.JV.63
920
a| tijdschrift
001
000045601
005
20241224121706.0